000
00216 a2200097 4500
001
32562
100
_a
Z U L
245
_a
Hayate Jawaidaan
260
_a
Karachi
_b
National Books Foundation
_c
090
_c
21777
_d
21777
942
_a
NUST-CAE
_c
M
_c
13088
999
_c
267635
_d
267635